Introduction to engineering /

This book is about: History of engineering; Definition of engineering; Learning and creative thought; The engineering approach to problem solving; Engineering communications; ...

Zapisane w:
Opis bibliograficzny
1. autor: Wright, Paul H.
Format: Książka
Język:English
Wydane: New York : John Wiley and Sons, 1994.
Wydanie:2nd ed.
Hasła przedmiotowe:
Etykiety: Dodaj etykietę
Nie ma etykietki, Dołącz pierwszą etykiete!
Thư viện lưu trữ: Mạng thư viện Đại học Đà Nẵng
LEADER 00981cam a2200337 i 4500
001 000048839
003 8565
005 20051111141608.0
008 010324b1994 vm 000 eng
020 |a 0471579300 
040 |a IRC  |c IRC  |d IRC 
041 0 |a eng 
082 1 4 |a 620  |b WR-P 
100 1 |a Wright, Paul H. 
245 0 0 |a Introduction to engineering /  |c Paul H. Wright. 
250 |a 2nd ed. 
260 |a New York :  |b John Wiley and Sons,  |c 1994. 
300 |a 262 p. ;  |c 23.5cm. 
520 3 |a This book is about: History of engineering; Definition of engineering; Learning and creative thought; The engineering approach to problem solving; Engineering communications; ... 
630 0 4 |a Engineering. 
650 0 4 |a Engineering. 
OWN |a DUT 
999 |a From the UDN01 
TYP |a Monograph 
TYP |a Printed language 
980 |a Mạng thư viện Đại học Đà Nẵng